00558nam a2200193Ia 450000500170000000800410001702000150005808200130007310000170008624500560010326000280015930000180018765000120020565000100021765000210022794200060024895200950025499900150034920240924053754.0240331s9999 xx 000 0 und d a0415110858 bBETa757 aBetterton, R 3aAn intimate distance :bwomen, artists and the body aLondonbRoutledgec1996 axiv, 240 p., aHistory aWomen aCritical Studies cL 001040708LaWERCLbWERCLcSSCd2024-03-31l0o 757 BETp2420r2024-03-31w2024-03-31yL c3081d3081